Les Corts : notícia històrica del districte / Montserrat Beltran i Josep Moran ; fotografies, Montserrat Pagès Paretas notícia històrica del districte / Montserrat Beltran i Josep Moran ; fotografies, Montserrat Pagès Paretas
Descripción Física:
[9] p. : il., col. ; 21 cm
Materias:
Corts (Barcelona) -- Història
MARC
| LEADER | 00000nam a2200000Ia 4500 | ||
|---|---|---|---|
| 001 | 8276 | ||
| 003 | BGR | ||
| 005 | 20260324175326.0 | ||
| 008 | 160829s9999 xx 000 0 cat d | ||
| 080 | |a FU-9-1 | ||
| 100 | |a Beltran, Montserrat |9 26028 | ||
| 245 | |a Les Corts : |b notícia històrica del districte / Montserrat Beltran i Josep Moran ; fotografies, Montserrat Pagès Paretas | ||
| 260 | |a Barcelona : |b Ajuntament. Consell Municipal del Districte de les Corts, DL 1986 | ||
| 300 | |a [9] p. : |b il., col. ; |c 21 cm | ||
| 650 | |a Corts (Barcelona) |x Història |9 31500 | ||
| 700 | |a Moran i Ocerinjauregui, Josep |9 27079 | ||
| 700 | |a Pagès i Paretas, Montserrat, fot. |9 27080 | ||
| 710 | 1 | |a Barcelona (Catalunya). |b Ajuntament |9 50981 | |
| 901 | |a Arxiu | ||
| 942 | |n 1 |2 udc |c MON | ||
| 952 | |0 0 |1 0 |4 0 |6 FU91 |7 1 |9 44261 |a Arxiu |b Arxiu |d 2016-12-01 |l 0 |o FU-9-1 |p 8276 |r 2016-12-01 00:00:00 |w 2016-12-01 |y ARXIU | ||
| 999 | |c 46841 |d 46841 | ||